Vietnam logistics review
Đã lưu trong:
| 格式: | 图书 |
|---|---|
| 语言: | Undetermined |
| 出版: |
Thành phố Hồ Chí Minh
Hiệp hội Doanh nghiệp dịch vụ Logistics Việt Nam
2020
|
| 主题: | |
| 标签: |
添加标签
没有标签, 成为第一个标记此记录!
|
| Thư viện lưu trữ: | Trung tâm Học liệu Trường Đại học Cần Thơ |
|---|
| LEADER | 00601nam a2200181Ia 4500 | ||
|---|---|---|---|
| 001 | CTU_239105 | ||
| 008 | 210402s9999 xx 000 0 und d | ||
| 020 | |c 0 | ||
| 082 | |a 330 | ||
| 082 | |b V666 | ||
| 245 | 0 | |a Vietnam logistics review | |
| 245 | 0 | |c Hiệp hội Doanh nghiệp dịch vụ Logistics Việt Nam | |
| 260 | |a Thành phố Hồ Chí Minh | ||
| 260 | |b Hiệp hội Doanh nghiệp dịch vụ Logistics Việt Nam | ||
| 260 | |c 2020 | ||
| 650 | |a Economic,Công nghệ Logistics | ||
| 904 | |i T.Trang | ||
| 980 | |a Trung tâm Học liệu Trường Đại học Cần Thơ | ||